|
|
|
|
| LEADER |
00000cam a2200000 a 4500 |
| 001 |
vtls001488931 |
| 003 |
SK-MaSNL |
| 005 |
20260426014607.0 |
| 008 |
210623s2004 xo o gr 000 0 slo |
| 015 |
|
|
|a SNBA2005/10-03798
|
| 020 |
|
|
|a 8089023347
|q (viazané)
|
| 035 |
|
|
|a urn:nbn:sk:snk-am00eoko
|
| 035 |
|
|
|a urn:nbn:sk:snk-am3ilqu
|
| 035 |
|
|
|a 88171F96-E380-4F82-B499-5D770D245EFF
|
| 040 |
|
|
|a SNK
|b slo
|c SNK
|e AACR2
|
| 041 |
0 |
|
|a slo
|b eng
|
| 043 |
|
|
|a e-xo---
|
| 044 |
|
|
|a xo
|c SK
|
| 072 |
|
7 |
|a 026
|x Odborné/špeciálne knižnice
|2 konspekt
|
| 080 |
|
|
|a (437.6)
|2 MDT-MRF
|
| 080 |
|
|
|a (036)
|2 MDT-MRF
|
| 080 |
|
|
|a 026.021:93/94
|2 MDT-MRF
|
| 080 |
|
|
|a 02
|2 2011
|
| 080 |
|
|
|a 026/027
|2 2011
|
| 080 |
|
|
|a 026/027(091)
|2 2011
|
| 080 |
|
|
|a 026.021:93/94
|2 2011
|
| 080 |
|
|
|a (437.6)
|2 2011
|
| 080 |
|
|
|a (036)
|2 2011
|
| 100 |
1 |
|
|a Sabov, Peter,
|d 1952-
|4 aut
|9 105929
|
| 245 |
1 |
0 |
|a Sprievodca po historických knižniciach na Slovensku
|n 2. zväzok
|c Peter Sabov a kolektív ; [foto: Anna Jančiová]
|
| 250 |
|
|
|a 1. vyd.
|
| 260 |
|
|
|a Martin
|b Slovenská národná knižnica
|c 2004
|
| 300 |
|
|
|a 110 strán
|b fotografie
|c 22 cm
|
| 546 |
|
|
|a Text slovensky, resumé anglicky
|
| 650 |
0 |
7 |
|a knihovníctvo
|2 SNKPH
|9 1557
|
| 650 |
0 |
7 |
|a knižnice
|2 SNKPH
|9 17965
|
| 650 |
0 |
7 |
|a dejiny knižníc
|2 SNKPH
|9 60304
|
| 650 |
0 |
7 |
|a historické knižnice
|2 SNKPH
|9 59776
|
| 651 |
|
7 |
|a Slovensko
|2 SNKPHgeo
|9 14231
|
| 655 |
|
7 |
|a informačné publikácie
|2 SNKPH
|9 70181
|
| 700 |
1 |
|
|a Jančiová, Anna,
|d 1956-
|4 pht
|9 293270
|
| 919 |
|
|
|a 80-89023-34-7
|
| 958 |
|
|
|a TL
|
| 958 |
|
|
|a OND
|
| 999 |
|
|
|c 1162345
|d 1164275
|
| 952 |
|
|
|a SNK
|b SNK
|y PREZ
|7 0
|p 17A0455290
|o snkSC 108675/2
|i snk2005/349
|8 0
|0 0
|1 0
|4 0
|d 2005-01-17
|f 1
|l 0
|r 2025-09-29 00:00:00
|w 2026-02-24
|
| 952 |
|
|
|a SNK
|b SNK
|y VYP
|7 0
|p 17A0455289
|o snkSC 108675/2 D1
|i snk2005/352
|8 0
|0 0
|1 0
|4 0
|d 2005-01-17
|l 0
|r 2026-02-24 20:37:47
|w 2026-02-24
|
| 952 |
|
|
|a SNK
|b SNK
|y VYP
|7 0
|p 17A1372249
|o snkSC 108675/2 D3
|i snk2019/13852
|8 7
|0 0
|1 0
|4 0
|d 2019-05-20
|l 0
|r 2026-02-24 20:37:47
|w 2026-02-24
|
| 952 |
|
|
|t snkSAB/2 025.17
|a SNKUST
|b SNKUST
|y PREZ
|7 0
|p 17A1272310
|o snkSC 108675/2 D2
|i snk2017/21249
|8 7
|0 0
|1 0
|4 0
|d 2017-10-03
|l 0
|r 2025-04-30 00:00:00
|w 2026-02-24
|